Námety na rozvoj čitateľskej gramotnosti na 1. stupni ZŠ

Bibliographic Details
Main Author: Sámelová, Jana (Author)
Format: Article
Language:Slovak
PhysicalDescription:Obr.
ISSN:1335-2733
Subjects:

MARC

LEADER 00000nab a2200000 ar4500
001 vtls010621099
003 SK-MaSNL
005 20260304233420.0
008 140919c2013 xo mr|p|||an |000 b|slo
015 |a SNBRB2014/09 
038 |a SPK 
040 |a SPKCL  |b slo  |c AACR2  |e AACR2 
041 0 |a slo  |b slo 
044 |a xo  |c SK 
072 7 |a 373.2/.3  |x Predškolská a primárna výchova a vzdelávanie  |2 konspekt 
072 7 |a 028  |x Čítanie  |2 konspekt 
080 |a 373.32  |2 2001 
080 |a 028.1  |2 2001 
100 1 |a Sámelová, Jana  |4 aut  |9 487960 
245 1 0 |a Námety na rozvoj čitateľskej gramotnosti na 1. stupni ZŠ  |c Jana Sámelová 
300 |b Obr. 
504 |a Bibliogr. odkazy 
546 |a Res. slov. 
650 0 7 |a základné školy  |2 snkbucl  |9 1280 
650 0 7 |a čitateľská gramotnosť  |2 snkbucl  |9 69767 
773 0 |t Naša škola  |g Roč. XVII., č. 9-10(2013/14), s. 36-39  |x 1335-2733 
852 |a SPK  |b KIS3GCP 
958 |a NB  |2 spk 
999 |c 3198488  |d 3200418